|
|
|
|
| LEADER |
00000nas a2200000 a 4500 |
| 001 |
ssj0012203 |
| 003 |
WaSeSS |
| 005 |
20200512172242.0 |
| 006 |
m d |
| 007 |
cr n |
| 008 |
050614c19899999vaumr pss 0 a0eng c |
| 010 |
|
|
|a 2008213548
|
| 022 |
|
|
|a 1938-193X
|l 1044-9493
|y 1044-9493
|
| 035 |
|
|
|a (WaSeSS)ssj0012203
|
| 037 |
|
|
|b WE & T, 601 Wythe St., Alexandria, VA 22314
|
| 037 |
|
|
|a 22573/cts9tvnp
|b JSTOR
|
| 040 |
|
|
|a OCLCS
|b eng
|c OCLCS
|d Z5A
|d NSD
|d UX1
|d LGG
|d OCLCQ
|d DLC
|d OCLCQ
|d OCLCO
|d OCLCF
|d COD
|d OCLCQ
|d TEF
|d WaSeSS
|
| 042 |
|
|
|a pcc
|a nsdp
|
| 043 |
|
|
|a n-us---
|
| 050 |
|
4 |
|a TD365
|b .W35
|
| 082 |
1 |
0 |
|a 628
|2 14
|
| 082 |
0 |
4 |
|a 628.1/68
|2 20
|
| 222 |
|
0 |
|a Water environment & technology
|b (Online)
|
| 245 |
0 |
0 |
|a Water environment & technology
|h [electronic resource].
|
| 246 |
1 |
3 |
|a WE & T
|
| 246 |
1 |
3 |
|a Water environment and technology
|
| 260 |
|
|
|a [Alexandria, VA] :
|b Water Pollution Control Federation,
|c [©1989-
|
| 310 |
|
|
|a Monthly,
|b <Aug. 2014->
|
| 321 |
|
|
|a Monthly, with a special issue in Apr.,
|b 1989-
|
| 362 |
1 |
|
|a Print began with vol. 1, no. 1 (Sept. 1989).
|
| 506 |
|
|
|a License restrictions may limit access.
|
| 550 |
|
|
|a Issued by: Water Environment Federation, 1992-
|
| 588 |
|
|
|a Description based on print version record.
|
| 588 |
|
|
|a Latest issue consulted: Vol. 26, no. 8 (Aug. 2014) (surrogate, viewed on Sept. 2, 2014).
|
| 650 |
|
0 |
|a Water quality management
|v Periodicals.
|
| 650 |
|
0 |
|a Water quality management
|z United States
|v Periodicals.
|
| 650 |
|
7 |
|a Water quality management.
|2 fast
|0 (OCoLC)fst01171900
|
| 650 |
1 |
7 |
|a Waterverontreiniging.
|2 gtt
|
| 650 |
1 |
7 |
|a Waterzuivering.
|2 gtt
|
| 650 |
1 |
7 |
|a Technologie.
|2 gtt
|
| 651 |
|
7 |
|a United States.
|2 fast
|0 (OCoLC)fst01204155
|
| 655 |
|
0 |
|a Electronic journals.
|
| 710 |
2 |
|
|a Water Pollution Control Federation.
|
| 710 |
2 |
|
|a Water Environment Federation.
|
| 776 |
1 |
|
|t Water environment & technology
|x 1044-9493
|w (DLC) 90656028
|w (OCoLC)19957465
|
| 780 |
0 |
1 |
|t Journal (Water Pollution Control Federation)
|w (DLC) 2009235058
|w (OCoLC)299097524
|
| 856 |
4 |
0 |
|z Full text available from Research Library: 02/01/1997 to 06/30/2006
|u https://search.proquest.com/publication/32598
|